000
00305nam a2200109Ia 4500
008
160531s9999 xx 000 0 und d
100
_a
Vicente, Avelino.
245
_a
Computer Tools in Particle Physics
245
_c
by Avelino Vicente
260
_c
2015
856
_u
http://arxiv.org/pdf/1507.06349v2.pdf
999
_c
295251
_d
295251